000 00664nam a2200193Ii 4500
003 JO-AjNU
008 230606s9999||||xx |||||||||||||| ||und||
040 _aJO-AjNU
_beng
_erda
_cJO-AjNU
041 _aeng
050 1 4 _aJC571.A86.1979
100 3 _aKrasney , Martin ,
_eauthor
_92958
245 0 0 _aEXECUTIVE SEMINAR READINGS ON THE CORPORATION AND SOCIETY
264 3 1 _aNEW YORK : Aspen Institute for Humanistic Studies،1979
300 _aP698
336 _atext
_btxt
_2rdacontent
337 _aunmediated
_bn
_2rdamedia
338 _avolume
_bnc
_2rdacarrier
650 4 _aIndividualism -- Political science -- Justice -- Humanities -- Sociology 
_92959
999 _aE1550
_c1550
_d1550